[Event "4NCL Division 2a"]
[Site "Daventry, ENG"]
[Date "2019.01.12"]
[Round "3.36"]
[White "Rahulan, Thivyaa"]
[Black "Bak, Andrew"]
[Result "1/2-1/2"]
[WhiteElo "2012"]
[BlackElo "1999"]
[PlyCount "77"]
[EventDate "2019.01.12"]
[WhiteTeam "Manchester Manticores 1"]
[BlackTeam "Bradford DCA Knights A"]

1. e4 c5 2. Nf3 Nc6 3. d4 cxd4 4. Nxd4 Nf6 5. Nc3 e5 6. Ndb5 d6 7. a4 a6 8. Na3
Bg4 9. f3 Be6 10. Be3 d5 11. exd5 Nxd5 12. Nxd5 Bxd5 13. Nc4 Bxc4 14. Qxd8+
Rxd8 15. Bxc4 Nd4 16. O-O-O Be7 17. Bxd4 Bg5+ 18. Kb1 Rxd4 19. Rxd4 exd4 20.
Re1+ Be3 21. c3 O-O 22. cxd4 Bxd4 23. Re7 b5 24. axb5 axb5 25. Bxb5 Rb8 26. Re2
f6 27. Bc4+ Kf8 28. b3 Ra8 29. Kc2 Ra2+ 30. Kd3 Rxe2 31. Kxe2 Be5 32. h3 h5 33.
Kd3 g5 34. h4 Bg3 35. hxg5 fxg5 36. Ke4 h4 37. Kd5 Ke7 38. Bd3 Kd7 39. Bf5+
1/2-1/2

[Event "4NCL Division 2a"]
[Site "Daventry, ENG"]
[Date "2019.01.12"]
[Round "3.37"]
[White "Ther, Mate"]
[Black "Mulleady, Peter J"]
[Result "1-0"]
[WhiteElo "1952"]
[BlackElo "2012"]
[PlyCount "98"]
[EventDate "2019.01.12"]
[WhiteTeam "Bradford DCA Knights A"]
[BlackTeam "Manchester Manticores 1"]

1. e4 e5 2. Nf3 Nf6 3. Nc3 Nc6 4. Bb5 Nd4 5. Bc4 d6 6. Nxd4 exd4 7. Ne2 Nxe4 8.
Nxd4 d5 9. Bb5+ Bd7 10. Qe2 Bc5 11. d3 Bxd4 12. dxe4 O-O 13. Bxd7 Qxd7 14. c3
Bb6 15. O-O Rfe8 16. Rd1 Qe6 17. Re1 dxe4 18. Be3 Rad8 19. Rad1 f5 20. b3 Qc6
21. Bxb6 axb6 22. Qe3 Qc5 23. Qxc5 bxc5 24. Kf1 Kf7 25. g3 Rd6 26. Rxd6 cxd6
27. Rd1 Ke6 28. c4 Ra8 29. Rd2 Rd8 30. Ke2 d5 31. cxd5+ Rxd5 32. Rc2 Kd6 33. h4
Rd3 34. Rc4 b5 35. Rc2 Kd5 36. Rb2 b4 37. Rb1 g6 38. Rc1 h6 39. Rh1 c4 40.
bxc4+ Kxc4 41. Rb1 g5 42. hxg5 hxg5 43. Rb2 f4 44. gxf4 gxf4 45. Rb1 Rh3 46.
Rb2 Rh2 47. Rc2+ Kb5 48. Rc8 e3 49. Rb8+ Kc4 1-0

[Event "4NCL Division 2a"]
[Site "Daventry, ENG"]
[Date "2019.01.12"]
[Round "3.38"]
[White "Kay, Lee P"]
[Black "Patrick, David A"]
[Result "0-1"]
[WhiteElo "2027"]
[BlackElo "1859"]
[PlyCount "62"]
[EventDate "2019.01.12"]
[WhiteTeam "Manchester Manticores 1"]
[BlackTeam "Bradford DCA Knights A"]

1. f4 Nf6 2. Nf3 d6 3. g3 c5 4. Bg2 Nc6 5. d3 g6 6. O-O Bg7 7. e4 Qb6 8. h3 Nh5
9. g4 Bxb2 10. gxh5 Bxa1 11. c3 Qxb1 12. Qd2 Qb6 13. Qc2 gxh5 14. Kh1 Rg8 15.
e5 d5 16. d4 Nxd4 17. cxd4 Bxd4 18. f5 Bd7 19. f6 Qa6 20. Qxh7 O-O-O 21. fxe7
Rde8 22. Ng5 Qg6 23. Rxf7 Qxh7 24. Nxh7 Bxe5 25. Bf4 Be6 26. Rf8 Bg7 27. Bd6 c4
28. Ng5 Kd7 29. Ba3 Bxf8 30. exf8=Q Rgxf8 31. Nxe6 Kxe6 0-1

[Event "4NCL Division 2a"]
[Site "Daventry, ENG"]
[Date "2019.01.12"]
[Round "3.41"]
[White "Richardson, John R"]
[Black "Bansal, Rohan"]
[Result "1-0"]
[WhiteElo "2297"]
[BlackElo "2027"]
[PlyCount "79"]
[EventDate "2019.01.12"]
[WhiteTeam "The ADs"]
[BlackTeam "KJCA Kings"]

1. Nf3 Nf6 2. c4 e6 3. g3 b6 4. Bg2 Bb7 5. O-O Be7 6. b3 O-O 7. Bb2 c5 8. Nc3
d6 9. e3 Nbd7 10. d4 a6 11. Qe2 cxd4 12. exd4 Rc8 13. d5 e5 14. Nd2 Ne8 15. f4
f5 16. Bh3 g6 17. g4 Ng7 18. Kh1 Kh8 19. gxf5 gxf5 20. a4 Rf7 21. Rf3 e4 22.
Ndxe4 fxe4 23. Nxe4 Nf8 24. Bxc8 Bxc8 25. Ng5 Bxg5 26. fxg5 Rxf3 27. Qxf3 Qe7
28. Bf6 Qf7 29. Re1 Ng6 30. Qe3 Kg8 31. Qxb6 Qd7 32. Qd8+ Qxd8 33. Bxd8 Kf7 34.
b4 Bb7 35. Bf6 Nf5 36. b5 Ngh4 37. Re4 Nf3 38. Rf4 N3h4 39. Kg1 Ke8 40. b6 1-0

[Event "4NCL Division 2a"]
[Site "Daventry, ENG"]
[Date "2019.01.12"]
[Round "3.42"]
[White "Golding, James"]
[Black "Bradbury, Neil H"]
[Result "1-0"]
[WhiteElo "2043"]
[BlackElo "2363"]
[PlyCount "63"]
[EventDate "2019.01.12"]
[WhiteTeam "KJCA Kings"]
[BlackTeam "The ADs"]

1. d4 Nf6 2. c4 e6 3. Nf3 c5 4. d5 exd5 5. cxd5 d6 6. Nc3 g6 7. e4 Bg7 8. Bf4
O-O 9. Bd3 a6 10. O-O Bg4 11. a4 Nh5 12. Bd2 Nd7 13. Be2 Rb8 14. a5 Re8 15. h3
Bxf3 16. Bxf3 Nhf6 17. g3 c4 18. Be3 Qc8 19. Qc2 Nc5 20. Bg2 Nfd7 21. Na4 Nb3
22. Ra2 Qc7 23. Nb6 Ne5 24. Rd1 Nc5 25. f4 Ned3 26. Qxc4 Nxb2 27. Rxb2 Bxb2 28.
e5 Bxe5 29. fxe5 Rxe5 30. Bxc5 Qxc5+ 31. Qxc5 dxc5 32. Nd7 1-0

[Event "4NCL Division 2a"]
[Site "Daventry, ENG"]
[Date "2019.01.12"]
[Round "3.43"]
[White "Baker, Chris W"]
[Black "Ratnesan, Ranesh"]
[Result "1/2-1/2"]
[WhiteElo "2290"]
[BlackElo "2063"]
[PlyCount "102"]
[EventDate "2019.01.12"]
[WhiteTeam "The ADs"]
[BlackTeam "KJCA Kings"]

1. d4 d5 2. c4 c6 3. Nc3 Nf6 4. e3 Bf5 5. Qb3 Qb6 6. Bd2 e6 7. Rc1 Nbd7 8. Nf3
h6 9. Be2 Be7 10. O-O O-O 11. Na4 Qxb3 12. axb3 Ne4 13. Be1 Rab8 14. c5 Bg4 15.
h3 Bxf3 16. Bxf3 f5 17. b4 a6 18. Rc2 Nef6 19. Be2 e5 20. dxe5 Nxe5 21. Bc3
Ned7 22. Rd1 Rbe8 23. Be1 Bd8 24. Nc3 Bc7 25. Bf1 f4 26. exf4 Bxf4 27. Ne2 Bc7
28. Nd4 Ne5 29. Bd2 Nh5 30. Nb3 Re7 31. Bc3 Nf4 32. Na5 Bb8 33. g3 Nf3+ 34. Kh1
Ng6 35. Re2 Ref7 36. Re6 Nge5 37. b3 Ng5 38. Rxe5 Rxf2 39. Bg2 Bxe5 40. Bxe5
Re2 41. Bd4 Nf3 42. Bxf3 Rxf3 43. Nxb7 Rxg3 44. Nd8 Rxh3+ 45. Kg1 Rxb3 46. Nxc6
Re6 47. Nd8 Rg6+ 48. Kf2 Rxb4 49. c6 Rc4 50. Be5 Rgxc6 51. Nxc6 Rxc6 1/2-1/2

[Event "4NCL Division 2a"]
[Site "Daventry, ENG"]
[Date "2019.01.12"]
[Round "3.44"]
[White "Young, Daniel J"]
[Black "Snape, Ian L"]
[Result "0-1"]
[WhiteElo "1988"]
[BlackElo "2170"]
[PlyCount "52"]
[EventDate "2019.01.12"]
[WhiteTeam "KJCA Kings"]
[BlackTeam "The ADs"]

1. e4 Nf6 2. e5 Nd5 3. d4 d6 4. c4 Nb6 5. f4 g6 6. Nc3 Bg7 7. Be3 Be6 8. d5 Bc8
9. Nf3 O-O 10. Be2 Bg4 11. c5 N6d7 12. cxd6 exd6 13. e6 Bxf3 14. Bxf3 Nf6 15.
Qb3 Na6 16. Qxb7 Nc5 17. Bxc5 Rb8 18. Qc6 dxc5 19. O-O Rxb2 20. exf7+ Rxf7 21.
Qxc5 Bf8 22. Qe3 Re7 23. Qd3 Qd6 24. g3 Qc5+ 25. Kh1 Re3 26. Qa6 Qxc3 0-1

[Event "4NCL Division 2a"]
[Site "Daventry, ENG"]
[Date "2019.01.12"]
[Round "3.45"]
[White "Hylands, Liam M"]
[Black "Yoon, Jacob D"]
[Result "1-0"]
[WhiteElo "2087"]
[BlackElo "1963"]
[PlyCount "65"]
[EventDate "2019.01.12"]
[WhiteTeam "The ADs"]
[BlackTeam "KJCA Kings"]

1. e4 c5 2. Nf3 a6 3. g3 b5 4. Bg2 Bb7 5. d3 Nc6 6. O-O Nf6 7. a4 e6 8. Re1 Be7
9. axb5 axb5 10. Rxa8 Bxa8 11. Na3 Qa5 12. c4 b4 13. Nb5 e5 14. Nh4 g6 15. Bh6
Rg8 16. Bg5 Nh5 17. Bxe7 Kxe7 18. Nf5+ Kf8 19. Nh6 Rg7 20. Bh3 Nf6 21. Qf3 Ke7
22. Qe3 Qb6 23. Qg5 Nb8 24. Nf5+ gxf5 25. Qxg7 fxe4 26. dxe4 d6 27. Bf5 Nc6 28.
Nxd6 Kxd6 29. Qxf6+ Kc7 30. Qxf7+ Kb8 31. Qe8+ Ka7 32. Ra1+ Na5 33. Qa4 1-0

[Event "4NCL Division 2a"]
[Site "Daventry, ENG"]
[Date "2019.01.12"]
[Round "3.46"]
[White "Royal, Shreyas"]
[Black "Ahluwalia, Amardip"]
[Result "0-1"]
[WhiteElo "1892"]
[BlackElo "2132"]
[PlyCount "108"]
[EventDate "2019.01.12"]
[WhiteTeam "KJCA Kings"]
[BlackTeam "The ADs"]

1. d4 Nf6 2. c4 g6 3. Nc3 d5 4. cxd5 Nxd5 5. e4 Nxc3 6. bxc3 Bg7 7. Ba3 Nd7 8.
Nf3 c5 9. Qb3 O-O 10. Rd1 Qc7 11. Bc4 Nb6 12. Be2 Be6 13. d5 Bd7 14. Rc1 Qf4
15. c4 Rac8 16. Qe3 Qxe3 17. fxe3 e5 18. Kd2 Rc7 19. Ne1 Nc8 20. Nd3 b6 21. Nf2
Nd6 22. g4 a6 23. Rc2 Rfc8 24. Rhc1 Bf6 25. Bf3 b5 26. cxb5 axb5 27. Nd3 Nc4+
28. Rxc4 bxc4 29. Rxc4 Ra7 30. Rc3 c4 31. Nb2 Bb5 32. Be2 Bd8 33. Bb4 Rxa2 34.
Kc1 Ra7 35. d6 Ra6 36. Kc2 Rb6 37. Ba3 Rbc6 38. Bb4 Rb8 39. Ra3 Ba6 40. Bc3 Bf6
41. Ra5 Rxd6 42. g5 Bg7 43. Nxc4 Rc6 44. Ra4 Bb5 45. Rb4 Bf8 46. Rb2 Ba4+ 47.
Kb1 Rbc8 48. Bxe5 Rxc4 49. Bxc4 Rxc4 50. Bd4 Rb4 51. Rxb4 Bxb4 52. Kb2 Bc6 53.
e5 Be7 54. h4 Bb4 0-1

[Event "4NCL Division 2a"]
[Site "Daventry, ENG"]
[Date "2019.01.12"]
[Round "3.47"]
[White "Walsh, Marcus"]
[Black "Anilkumar, Anantha P"]
[Result "1-0"]
[WhiteElo "1990"]
[BlackElo "1862"]
[PlyCount "79"]
[EventDate "2019.01.12"]
[WhiteTeam "The ADs"]
[BlackTeam "KJCA Kings"]

1. e4 c5 2. d4 cxd4 3. c3 d3 4. Bxd3 Nc6 5. Nf3 d6 6. h3 g6 7. O-O Bg7 8. Be3
Nf6 9. c4 O-O 10. Nc3 Bd7 11. Rc1 Rc8 12. b3 Qa5 13. Bd2 Qd8 14. Qe2 Ne8 15.
Rfe1 Nc7 16. Nd5 Ne6 17. Qe3 Ned4 18. Nxd4 Bxd4 19. Qh6 Bg7 20. Qe3 e6 21. Nc3
a6 22. Qg3 Qe7 23. Bf4 Be5 24. Bb1 Qf6 25. Bxe5 dxe5 26. Rcd1 Rfd8 27. Ne2 Be8
28. Qe3 Rxd1 29. Rxd1 Rd8 30. Nc3 Rd4 31. a3 Qe7 32. b4 Rxc4 33. Rd3 Nd4 34.
Kh2 Rc8 35. f4 Nb5 36. f5 exf5 37. Nd5 Qh4 38. exf5 e4 39. g3 Qd8 40. f6 1-0

[Event "4NCL Division 2a"]
[Site "Daventry, ENG"]
[Date "2019.01.12"]
[Round "3.48"]
[White "Metcalfe, Charlie P"]
[Black "Bellin, Jana M"]
[Result "0-1"]
[WhiteElo "1743"]
[BlackElo "2042"]
[PlyCount "57"]
[EventDate "2019.01.12"]
[WhiteTeam "KJCA Kings"]
[BlackTeam "The ADs"]

1. d4 Nf6 2. Nf3 c5 3. d5 d6 4. c4 e5 5. Nc3 Be7 6. e4 Nbd7 7. Be2 a6 8. O-O
O-O 9. Ne1 Ne8 10. f4 exf4 11. Bxf4 Bg5 12. Qd2 Bxf4 13. Qxf4 Ne5 14. Nf3 Ng6
15. Qe3 Nf6 16. Ne1 Ne5 17. b3 Qe7 18. Nd3 Nxd3 19. Qxd3 Nd7 20. Qg3 Ne5 21.
Na4 Bd7 22. Nb6 Rae8 23. Rf2 Qd8 24. Nxd7 Qxd7 25. Rf5 Ng6 26. Bf3 Re5 27. Rh5
Rxh5 28. Bxh5 b5 29. cxb5 0-1

[Event "4NCL Division 2a"]
[Site "Daventry, ENG"]
[Date "2019.01.13"]
[Round "4.11"]
[White "Mitchell, Martin"]
[Black "Lewis, Andrew P"]
[Result "0-1"]
[WhiteElo "2222"]
[BlackElo "2297"]
[PlyCount "112"]
[EventDate "2019.01.13"]
[WhiteTeam "Spirit of Atticus A"]
[BlackTeam "Anglian Avengers"]

1. d4 Nf6 2. c4 g6 3. Nc3 Bg7 4. e4 d6 5. Be2 O-O 6. Be3 e5 7. d5 Na6 8. g4 Nc5
9. Bf3 a5 10. h4 Nfd7 11. h5 Nb6 12. Qe2 c6 13. O-O-O cxd5 14. cxd5 Nba4 15.
Nxa4 Nxa4 16. Kb1 b6 17. Qd2 Nc5 18. Ne2 Ba6 19. Nc1 Bf6 20. Rh3 g5 21. Bxc5
bxc5 22. Be2 Bc8 23. Rg1 Bd7 24. Bc4 Qc8 25. Qd1 a4 26. Rc3 Bd8 27. f3 Ba5 28.
Rc2 Qd8 29. Ne2 Qf6 30. Ng3 a3 31. b3 Qf4 32. Nf5 Bxf5 33. gxf5 f6 34. Qe2 Qh4
35. f4 exf4 36. Qf3 Kh8 37. Rh1 Qg3 38. Qxg3 fxg3 39. Rg1 Rae8 40. Bd3 Rg8 41.
Rxg3 Kg7 42. Rg4 Be1 43. Rc4 Kh6 44. Be2 Bf2 45. Ra4 Ra8 46. Rxa8 Rxa8 47. Rg2
Bd4 48. Kc2 Rb8 49. Rg3 Be5 50. Rg2 Rb4 51. Bf3 c4 52. bxc4 Rb2+ 53. Kd3 g4 54.
Rxg4 Rxa2 55. Rg1 Rb2 56. c5 a2 0-1

[Event "4NCL Division 2a"]
[Site "Daventry, ENG"]
[Date "2019.01.13"]
[Round "4.12"]
[White "Moore, Graham J"]
[Black "Lund, D Brett"]
[Result "0-1"]
[WhiteElo "2235"]
[BlackElo "2238"]
[PlyCount "70"]
[EventDate "2019.01.13"]
[WhiteTeam "Anglian Avengers"]
[BlackTeam "Spirit of Atticus A"]

1. e4 c5 2. Nf3 e6 3. d4 cxd4 4. Nxd4 a6 5. Nc3 Qc7 6. g3 Bb4 7. Bd2 Nc6 8. Nb3
Be7 9. Bg2 Nf6 10. O-O d6 11. f4 O-O 12. g4 Re8 13. g5 Nd7 14. Qe2 Bf8 15. Rad1
b5 16. a3 Nb6 17. Be3 Bb7 18. Rf3 Nc4 19. Bc1 Rad8 20. Rh3 g6 21. Kh1 Bg7 22.
Rf1 Qb6 23. Qg4 b4 24. Na4 Qb5 25. Qh4 Ne7 26. Qxh7+ Kf8 27. axb4 Qxa4 28. f5
exf5 29. exf5 Bxg2+ 30. Kxg2 Qc6+ 31. Kg1 Nxf5 32. Rxf5 gxf5 33. g6 Re2 34. Rg3
Qe4 35. Bd2 Nxd2 0-1

[Event "4NCL Division 2a"]
[Site "Daventry, ENG"]
[Date "2019.01.13"]
[Round "4.13"]
[White "Carleton, John J"]
[Black "Gallagher, Daniel GH"]
[Result "1-0"]
[WhiteElo "2253"]
[BlackElo "2267"]
[PlyCount "61"]
[EventDate "2019.01.13"]
[WhiteTeam "Spirit of Atticus A"]
[BlackTeam "Anglian Avengers"]

1. d4 Nf6 2. c4 c5 3. d5 b5 4. Qc2 Na6 5. a3 bxc4 6. Nc3 e6 7. e4 exd5 8. Nxd5
Nxd5 9. exd5 Bd6 10. Bxc4 O-O 11. Nf3 Re8+ 12. Be3 Bf4 13. O-O Bxe3 14. fxe3 d6
15. e4 f6 16. e5 fxe5 17. Bd3 h6 18. Bg6 Rf8 19. Nh4 Rf6 20. Rxf6 gxf6 21. Rf1
f5 22. Nxf5 Bxf5 23. Qxf5 Qe7 24. Bf7+ Kh8 25. Qg6 Qf8 26. Qf6+ Qg7 27. Qxd6
Rf8 28. Qxa6 Rxf7 29. Rxf7 Qxf7 30. Qxh6+ Kg8 31. Qe6 1-0

[Event "4NCL Division 2a"]
[Site "Daventry, ENG"]
[Date "2019.01.13"]
[Round "4.14"]
[White "Player, Edmund C"]
[Black "House, Glenn L"]
[Result "0-1"]
[WhiteElo "2245"]
[BlackElo "2201"]
[PlyCount "80"]
[EventDate "2019.01.13"]
[WhiteTeam "Anglian Avengers"]
[BlackTeam "Spirit of Atticus A"]

1. e4 c5 2. Nf3 e6 3. c3 Ne7 4. d4 cxd4 5. cxd4 d5 6. e5 Nbc6 7. a3 Nf5 8. b4
Bd7 9. Bb2 Qb6 10. g4 Nfe7 11. Ra2 h5 12. g5 Nf5 13. Ba1 g6 14. Rd2 Bg7 15. Nc3
O-O 16. Na4 Qd8 17. Nc5 b6 18. Nd3 Nce7 19. a4 Qe8 20. Ra2 Rc8 21. Nf4 Rc7 22.
Bd3 b5 23. a5 Qa8 24. Bb1 Rfc8 25. O-O Rc4 26. Nd3 Be8 27. Nd2 Nc6 28. Nxc4
dxc4 29. Nc5 Nxb4 30. Be4 Bc6 31. Re2 Bxe4 32. Nxe4 Nd3 33. f3 Rd8 34. Rd2 Ne3
35. Qe2 Nxf1 36. Kxf1 Nf4 37. Qd1 b4 38. Qa4 c3 39. Rf2 Nd3 40. Re2 Qd5 0-1

[Event "4NCL Division 2a"]
[Site "Daventry, ENG"]
[Date "2019.01.13"]
[Round "4.15"]
[White "Ivell, Nicholas W"]
[Black "Talsma, Paul"]
[Result "1-0"]
[WhiteElo "2224"]
[BlackElo "2184"]
[PlyCount "101"]
[EventDate "2019.01.13"]
[WhiteTeam "Spirit of Atticus A"]
[BlackTeam "Anglian Avengers"]

1. e4 e5 2. Bc4 Nf6 3. d3 c6 4. Nf3 d5 5. Bb3 Bb4+ 6. c3 Bd6 7. Nbd2 O-O 8. O-O
Nbd7 9. Re1 Re8 10. Nf1 h6 11. Ng3 Nf8 12. h3 Ng6 13. Nf5 Bxf5 14. exf5 Nf8 15.
Nh2 N8d7 16. Nf1 Nc5 17. Bc2 a5 18. Be3 d4 19. cxd4 exd4 20. Bxd4 Bh2+ 21. Nxh2
Qxd4 22. Rxe8+ Rxe8 23. Rb1 Rd8 24. Nf3 Qd5 25. b4 axb4 26. Rxb4 Qxa2 27. d4 b5
28. Ne5 Rd6 29. Rb1 Qa8 30. Ra1 Qb7 31. Nf3 Ncd7 32. Qe2 Nb6 33. Bb3 Nbd5 34.
Ne5 Rd8 35. Qa2 Nd7 36. Nxc6 Qxc6 37. Bxd5 Qf6 38. Rb1 Rb8 39. Rb3 b4 40. Rg3
Rd8 41. Bb3 Nb6 42. Rg6 Qxd4 43. Bxf7+ Kh7 44. Qe6 Qf4 45. g3 Qc1+ 46. Kg2 Nd5
47. Qe5 Nf6 48. Rxf6 Qc8 49. Bg6+ Kh8 50. Rf7 Qa8+ 51. Kh2 1-0

[Event "4NCL Division 2a"]
[Site "Daventry, ENG"]
[Date "2019.01.13"]
[Round "4.16"]
[White "Cocks, Elliot"]
[Black "Jackson, Sheila"]
[Result "1/2-1/2"]
[WhiteElo "2042"]
[BlackElo "2048"]
[PlyCount "46"]
[EventDate "2019.01.13"]
[WhiteTeam "Anglian Avengers"]
[BlackTeam "Spirit of Atticus A"]

1. c4 c5 2. Nf3 Nc6 3. Nc3 Nf6 4. d4 cxd4 5. Nxd4 g6 6. g3 Bg7 7. Bg2 O-O 8.
O-O a6 9. Be3 Ng4 10. Nxc6 dxc6 11. Bg5 Qc7 12. Qc2 h6 13. Bf4 e5 14. Bd2 f5
15. c5 Be6 16. Na4 Rad8 17. Nb6 Qf7 18. b4 Nf6 19. Rfc1 Nd7 20. Nxd7 Rxd7 21.
a4 Rfd8 22. Bc3 e4 23. Rab1 Bxc3 1/2-1/2

[Event "4NCL Division 2a"]
[Site "Daventry, ENG"]
[Date "2019.01.13"]
[Round "4.17"]
[White "Ackley, Peter J E"]
[Black "Sheerin, Alex"]
[Result "1-0"]
[WhiteElo "2018"]
[BlackElo "2027"]
[PlyCount "117"]
[EventDate "2019.01.13"]
[WhiteTeam "Spirit of Atticus A"]
[BlackTeam "Anglian Avengers"]

1. c4 e5 2. g3 Nf6 3. Bg2 d5 4. cxd5 Nxd5 5. Nc3 Nb6 6. Nf3 Nc6 7. O-O Be6 8.
d3 Be7 9. a3 O-O 10. Be3 Nd5 11. Nxd5 Bxd5 12. Rc1 a5 13. Nd2 Bxg2 14. Kxg2 a4
15. Qc2 Qd5+ 16. Kg1 f5 17. Qc4 Qxc4 18. Rxc4 Rfd8 19. Rfc1 Bf6 20. R1c2 Rd7
21. Kf1 Kf7 22. f4 Ke8 23. Nf3 Kd8 24. fxe5 Nxe5 25. Nxe5 Bxe5 26. Rc5 Bf6 27.
Rxf5 Ra6 28. Bg5 Bxg5 29. Rxg5 Rf6+ 30. Ke1 c6 31. Rc4 b5 32. Rf4 Re6 33. Kd2
Rde7 34. Rf2 Kc7 35. Rgf5 Kd6 36. e4 Rh6 37. Ke3 Rhe6 38. Rf7 Rh6 39. Rxe7 Kxe7
40. d4 Ke6 41. Kd3 Kd6 42. Kc3 Ke6 43. Kb4 Rh5 44. Rd2 Kd6 45. Ka5 Kc7 46. Re2
Rh6 47. e5 Re6 48. Kb4 Kb6 49. Re3 h6 50. Re2 Re8 51. e6 Rf8 52. Re3 Rf2 53.
Kc3 Rf8 54. e7 Re8 55. Kb4 g5 56. g4 Kb7 57. Kc5 Kc7 58. d5 cxd5 59. Kxd5 1-0

[Event "4NCL Division 2a"]
[Site "Daventry, ENG"]
[Date "2019.01.13"]
[Round "4.18"]
[White "Myall, Ivan J"]
[Black "Latham, David"]
[Result "0-1"]
[WhiteElo "2027"]
[BlackElo "2065"]
[PlyCount "102"]
[EventDate "2019.01.13"]
[WhiteTeam "Anglian Avengers"]
[BlackTeam "Spirit of Atticus A"]

1. d4 Nf6 2. Bf4 c5 3. e3 g6 4. h4 Qb6 5. Nc3 cxd4 6. Qxd4 Qxd4 7. exd4 d6 8.
Bc4 a6 9. a4 Bf5 10. Nd5 Nxd5 11. Bxd5 Nc6 12. c3 e6 13. Bf3 h5 14. d5 Nd8 15.
dxe6 fxe6 16. O-O-O e5 17. Be3 Nc6 18. Bxc6+ bxc6 19. Nh3 Be7 20. Bg5 Bxh3 21.
Rxh3 Bxg5+ 22. hxg5 Ke7 23. Rf3 Rhf8 24. Rdd3 Ke6 25. Rde3 d5 26. Kc2 e4 27.
Rxf8 Rxf8 28. Re2 Rf5 29. c4 Rxg5 30. cxd5+ Kxd5 31. Rd2+ Ke5 32. g3 Rf5 33.
Kc3 g5 34. Kc4 Ke6 35. Re2 Re5 36. Kd4 c5+ 37. Ke3 a5 38. Rc2 h4 39. gxh4 gxh4
40. Kf4 h3 41. Kg3 Rh5 42. Kh2 Kd5 43. Re2 Kd4 44. Rc2 Rh4 45. b3 Rh5 46. Re2
Kc3 47. Rxe4 Kxb3 48. f4 c4 49. Re5 Rh4 50. Re3+ c3 51. Rf3 Kb2 0-1

[Event "4NCL Division 2a"]
[Site "Daventry, ENG"]
[Date "2019.01.13"]
[Round "4.21"]
[White "Polaczek, Richard"]
[Black "Richardson, John R"]
[Result "1-0"]
[WhiteElo "2374"]
[BlackElo "2297"]
[PlyCount "91"]
[EventDate "2019.01.13"]
[WhiteTeam "Manchester Manticores 1"]
[BlackTeam "The ADs"]

1. d4 Nf6 2. Nf3 e6 3. Bg5 h6 4. Bh4 c5 5. e3 b6 6. Bd3 Ba6 7. O-O Be7 8. Bxa6
Nxa6 9. c3 O-O 10. Qd3 Nb8 11. Bxf6 Bxf6 12. d5 e5 13. Nbd2 g6 14. a4 d6 15. a5
Nd7 16. Nc4 Qe7 17. Ncd2 Bg7 18. axb6 axb6 19. e4 Rad8 20. Ra7 f5 21. Re1 g5
22. h3 f4 23. Qb5 h5 24. Nh2 Rf7 25. Qe2 f3 26. Ndxf3 Qf6 27. Nd2 Rdf8 28. Ndf1
Qg6 29. f3 Nf6 30. Rxf7 Rxf7 31. Ne3 Ra7 32. Nf5 Bf8 33. Rf1 Ra5 34. b4 Ra8 35.
bxc5 bxc5 36. Qb2 g4 37. hxg4 hxg4 38. Nxg4 Nxg4 39. fxg4 Qxg4 40. Qb7 Ra2 41.
Ne3 Qg7 42. Qc8 Qh6 43. Qg4+ Kh8 44. Nf5 Qd2 45. Qh5+ Kg8 46. Ne7+ 1-0

[Event "4NCL Division 2a"]
[Site "Daventry, ENG"]
[Date "2019.01.13"]
[Round "4.22"]
[White "Baker, Chris W"]
[Black "Jayawarna, Nugith"]
[Result "1-0"]
[WhiteElo "2290"]
[BlackElo "2192"]
[PlyCount "77"]
[EventDate "2019.01.13"]
[WhiteTeam "The ADs"]
[BlackTeam "Manchester Manticores 1"]

1. d4 Nf6 2. Nf3 g6 3. g3 Bg7 4. Bg2 O-O 5. O-O d6 6. c4 Nc6 7. Nc3 Rb8 8. h3
a6 9. e4 Nd7 10. Be3 Na5 11. b3 b5 12. cxb5 axb5 13. Rc1 c6 14. Qd2 Ba6 15.
Rfd1 Qb6 16. Qe1 b4 17. Na4 Qb5 18. e5 Rfe8 19. Ng5 Bh6 20. Nxf7 Bxe3 21. Qxe3
Qe2 22. Qh6 Nf8 23. Bf1 Qxa2 24. Bxa6 Kxf7 25. Rd3 Kg8 26. Rf3 Ne6 27. Qe3 Rf8
28. Rxf8+ Rxf8 29. exd6 Ng5 30. Rf1 Nf3+ 31. Kg2 exd6 32. Qe6+ Kg7 33. Qxd6
Qxb3 34. Nc5 Ne1+ 35. Kg1 Nf3+ 36. Kh1 Qd5 37. Ne6+ Kf7 38. Qxf8+ Kxe6 39. Bc8+
1-0

[Event "4NCL Division 2a"]
[Site "Daventry, ENG"]
[Date "2019.01.13"]
[Round "4.23"]
[White "Mazek, Marek"]
[Black "Swindells, Jonathan E"]
[Result "0-1"]
[WhiteElo "2110"]
[BlackElo "2282"]
[PlyCount "138"]
[EventDate "2019.01.13"]
[WhiteTeam "Manchester Manticores 1"]
[BlackTeam "The ADs"]

1. d4 Nf6 2. c4 g6 3. g3 Bg7 4. Bg2 O-O 5. Nc3 c5 6. d5 d6 7. h3 e6 8. e4 exd5
9. exd5 Nbd7 10. Nge2 Ne5 11. b3 Bf5 12. O-O h5 13. f3 Nh7 14. g4 hxg4 15. fxg4
Bd3 16. Bf4 Qe7 17. Qd2 Bxe2 18. Qxe2 Rae8 19. Rae1 a6 20. Ne4 f5 21. gxf5 gxf5
22. Ng3 Qh4 23. Qh5 Qxh5 24. Nxh5 b5 25. Nxg7 Kxg7 26. cxb5 axb5 27. a4 bxa4
28. bxa4 Kf6 29. a5 Ra8 30. Bd2 Rg8 31. Kh2 Ng5 32. h4 Ngf7 33. Be4 Nh6 34. Kh3
Kg6 35. Bc2 Rgb8 36. Bc3 Re8 37. Rg1+ Kf7 38. Rg5 Nf3 39. Rg7+ Kf8 40. Rxe8+
Rxe8 41. Rg3 Re2 42. Bg7+ Kf7 43. Rxf3 Kxg7 44. Ba4 Ra2 45. Rf4 Ng4 46. Kg3
Ra3+ 47. Kg2 Ne3+ 48. Kf2 Nxd5 49. Rxf5 Nb4 50. Rg5+ Kf6 51. Be8 Rxa5 52. Rg8
Nd3+ 53. Ke3 Ne5 54. h5 Ra3+ 55. Kd2 Rh3 56. Bg6 Nxg6 57. Rxg6+ Ke5 58. Rh6 c4
59. Kc2 d5 60. Rh8 Kd4 61. h6 Rh2+ 62. Kb1 Kc3 63. Rd8 d4 64. Rd6 d3 65. Rg6
Rh1+ 66. Ka2 d2 67. Rg3+ Kc2 68. h7 Rxh7 69. Ra3 Kc1 0-1

[Event "4NCL Division 2a"]
[Site "Daventry, ENG"]
[Date "2019.01.13"]
[Round "4.24"]
[White "Ahluwalia, Amardip"]
[Black "Peacock, Malcolm R"]
[Result "1-0"]
[WhiteElo "2132"]
[BlackElo "2080"]
[PlyCount "102"]
[EventDate "2019.01.13"]
[WhiteTeam "The ADs"]
[BlackTeam "Manchester Manticores 1"]

1. c4 Nf6 2. g3 c5 3. Bg2 Nc6 4. Nc3 g6 5. a3 Bg7 6. Rb1 a5 7. d3 O-O 8. Bd2 e6
9. Nf3 d5 10. b3 Re8 11. O-O Bd7 12. Nb5 e5 13. cxd5 Nxd5 14. Nd6 Re6 15. Ne4
b6 16. Nfg5 Re7 17. Nxc5 Be8 18. Na4 Rb8 19. Ne4 Nd4 20. Nac3 Nxc3 21. Nxc3 Rc7
22. Ne4 Rbc8 23. Be3 Qe7 24. b4 a4 25. Rb2 h6 26. h3 Qe6 27. Bxd4 exd4 28. b5
f5 29. Nd2 Rc5 30. Qxa4 Qxe2 31. Nc4 Qxd3 32. Nxb6 Bxb5 33. Rxb5 Qxb5 34. Qxb5
Rxb5 35. Nxc8 Bf8 36. Na7 Rb2 37. Nc6 d3 38. Ne5 d2 39. Nxg6 Bxa3 40. Rd1 Kg7
41. Nh4 Kf6 42. Nf3 f4 43. Rxd2 fxg3 44. Rxb2 Bxb2 45. fxg3 Ba3 46. h4 Kf5 47.
Bh3+ Ke4 48. Kg2 Bb4 49. Bd7 Bc3 50. Bc6+ Ke3 51. Kh3 Kf2 1-0

[Event "4NCL Division 2a"]
[Site "Daventry, ENG"]
[Date "2019.01.13"]
[Round "4.25"]
[White "Hamer, Martyn"]
[Black "Hylands, Liam M"]
[Result "1/2-1/2"]
[WhiteElo "2117"]
[BlackElo "2087"]
[PlyCount "73"]
[EventDate "2019.01.13"]
[WhiteTeam "Manchester Manticores 1"]
[BlackTeam "The ADs"]

1. Nf3 Nf6 2. c4 Nc6 3. d4 e6 4. Bg5 Bb4+ 5. Nbd2 h6 6. Bxf6 Qxf6 7. a3 Bxd2+
8. Qxd2 O-O 9. g3 a5 10. Bg2 a4 11. O-O Na5 12. Qc2 Nb3 13. Rad1 d6 14. Qc3 Re8
15. e3 e5 16. dxe5 dxe5 17. Rd5 c6 18. Rxe5 Rxe5 19. Nxe5 Be6 20. Rd1 Qe7 21.
Bf1 Re8 22. Be2 Bf5 23. Nf3 c5 24. Nd2 Nd4 25. Bd3 Bg4 26. Re1 Qf6 27. f4 Qc6
28. e4 f5 29. Kf2 Qd7 30. exf5 Rxe1 31. Kxe1 Bxf5 32. Bxf5 Qxf5 33. Kf2 Qh3 34.
Nf1 Qe6 35. Qd3 Qb6 36. Qc3 Qe6 37. Qd3 1/2-1/2

[Event "4NCL Division 2a"]
[Site "Daventry, ENG"]
[Date "2019.01.13"]
[Round "4.26"]
[White "Bellin, Jana M"]
[Black "Rahulan, Thivyaa"]
[Result "0-1"]
[WhiteElo "2042"]
[BlackElo "2012"]
[PlyCount "88"]
[EventDate "2019.01.13"]
[WhiteTeam "The ADs"]
[BlackTeam "Manchester Manticores 1"]

1. d4 f5 2. Nc3 Nf6 3. Bg5 g6 4. Bxf6 exf6 5. h4 d5 6. h5 g5 7. Qd3 c6 8. e3
Be6 9. Nge2 Qd7 10. O-O-O Na6 11. a3 O-O-O 12. Ng3 Nc7 13. Qd2 Bd6 14. Bd3 f4
15. Nf1 fxe3 16. Nxe3 f5 17. Kb1 h6 18. Rde1 Ne8 19. Ne2 Nf6 20. f3 Rde8 21. c4
f4 22. Ng4 Nxg4 23. fxg4 dxc4 24. Bg6 Re7 25. Nc3 Bxg4 26. Rxe7 Bxe7 27. Qc2
Qxd4 28. Re1 Qd7 29. Ne4 Rf8 30. Qxc4 Bf5 31. Bxf5 Rxf5 32. Qg8+ Kc7 33. Nc3
Rf6 34. Qc4 Kb8 35. Qg8+ Bf8 36. Ne4 Qf5 37. Ka1 Re6 38. Rd1 Rxe4 39. Rd8+ Kc7
40. Rxf8 Re1+ 41. Ka2 Qb1+ 42. Kb3 Re3+ 43. Ka4 Qc2+ 44. b3 Re4+ 0-1